Statistics for Fairy Tale Characters

Click here to take the quiz!

General Stats

  • This quiz has been taken 44,104 times
  • The average score is 14 of 20

Answer Stats

ClueCharacter% Correct
Owner of a glass slipperCinderella
99%
Gretel's brotherHansel
96%
She eats a poisoned apple, but is
revived by a prince's kiss
Snow White
94%
Princess who sleeps for a hundred yearsSleeping Beauty
91%
Egg who "had a great fall"Humpty Dumpty
90%
Traded a cow for magic beansJack
89%
Her hair becomes a prince's ladderRapunzel
89%
Turns a pumpkin into a carriage,
among other exploits
Fairy Godmother
86%
Little Red Riding Hood's enemyBig Bad Wolf
85%
Duck that is actually a swanUgly Duckling
81%
Two of their three houses are blown downThree Little Pigs
80%
Loses her flippers for a prince's loveLittle Mermaid
78%
Amphibian who transforms when kissedFrog Prince
74%
Strangely-named imp who can
spin straw into gold
Rumpelstiltskin
70%
Cookie comes to life and proves
difficult to catch
Gingerbread Man
61%
Leads the rats and town children awayPied Piper
59%
Stock character who is the object
of female fantasies
Prince Charming
53%
Cunning cat who becomes a French bigwigPuss in Boots
35%
American man who falls asleep
for twenty years
Rip Van Winkle
24%
Sticky waterfowl owned by SimpletonGolden Goose
11%

Score Distribution

Percentile by Number Answered

Percent of People with Each Score

Your Score History

You have not taken this quiz